00467nam a2200169Ia 450000500170000000800410001704000190005804100120007708200150008910000230010424500570012726000280018430000160021250400190022865000400024785000100028720230215105518.0131103s9999 xx 000 0 und d aLoreto College aEnglish a820.9bSAI aSaintsbury, George 2aA history of English prose rhythmcGeorge Saintsbury aLondonbMacmillanc1912 axiv,492 p.  aIncludes index aEnglish Literature - Critical Study aLCLIB